|
|
|
|
| LEADER |
00000nam0a2200000 4500 |
| 001 |
31024 |
| 005 |
20231030204304.0 |
| 010 |
|
|
|a 5060038270
|
| 035 |
|
|
|a (RuTPU)RU\TPU\book\31300
|
| 035 |
|
|
|a BOOK00031379
|
| 090 |
|
|
|a 31024
|
| 100 |
|
|
|a 20011209d2001 m y0rusy50 ca
|
| 101 |
0 |
|
|a rus
|
| 102 |
|
|
|a RU
|
| 105 |
|
|
|a a j 001zy
|
| 200 |
1 |
|
|a Инженерные сети, оборудование зданий и сооружений
|e учебник
|f под ред. Ю. П. Соснина
|
| 210 |
|
|
|a Москва
|c Высшая школа
|d 2001
|
| 215 |
|
|
|a 415 с.
|c ил.
|
| 320 |
|
|
|a Библиогр.: с. 410-411.
|
| 451 |
|
1 |
|0 (RuTPU)RU\TPU\book\168556
|y 978-5-06-006141-3
|t Инженерные сети, оборудование зданий и сооружений
|o учебник для вузов
|f Е. Н. Бухаркин [и др.]
|g под ред. Ю. П. Соснина
|e 3-е изд., испр.
|c М.
|n Высшая школа
|d 2009
|p 415 с.
|
| 610 |
1 |
|
|a строительство
|
| 610 |
1 |
|
|a здания
|
| 610 |
1 |
|
|a сооружения
|
| 610 |
1 |
|
|a инженерные сети
|
| 610 |
1 |
|
|a оборудование
|
| 610 |
1 |
|
|a водоснабжение
|
| 610 |
1 |
|
|a сточные воды
|
| 610 |
1 |
|
|a очистка
|
| 610 |
1 |
|
|a канализация
|
| 610 |
1 |
|
|a теплоснабжение
|
| 610 |
1 |
|
|a газоснабжение
|
| 610 |
1 |
|
|a вентиляция
|
| 610 |
1 |
|
|a отопление
|
| 610 |
1 |
|
|a кондиционирование
|
| 610 |
1 |
|
|a учебники
|
| 675 |
|
|
|a 696/697.002.5(075.8)
|v 3
|
| 702 |
|
1 |
|a Соснин
|b Ю. П
|4 340
|
| 801 |
|
0 |
|a RU
|b 63413507
|c 20011209
|g PSBO
|
| 801 |
|
2 |
|a RU
|b 63413507
|c 20210614
|g PSBO
|
| 900 |
|
|
|a Инженерные сооружения
|
| 942 |
|
|
|c BK
|